000 00612nam a2200205Ia 4500
005 20250508162337.0
008 008 250505s9999 xx 000 0 eng d
020 _a0-7100-0852-X
037 _aTextual
040 _aFEDL
_beng
_cFEDL
041 _aeng
_2eng
084 _a323.4, WRI
_qFEDL
100 _aWringe C. A.
_9134888
245 0 _aChildren's rights: A philosophical study
260 _aLondon, UK
_bRoutledge and Kegan Paul
_c1981
300 _axi,180p
490 _aInternational library of the philosophy of education
942 _cTEXL
_h323.4, WRI
999 _c1375958
_d1375958